Normal view
MARC view
- Sufisam Urdu
Entry Topical Term
001 - CONTROL NUMBER
- control field: 109470
003 - CONTROL NUMBER IDENTIFIER
- control field: NUST
005 - DATE AND TIME OF LATEST TRANSACTION
- control field: 20230222122632.0
008 - FIXED-LENGTH DATA ELEMENTS
- fixed length control field: 230222|| aca||aabn | a|a d
040 ## - CATALOGING SOURCE
- Original cataloging agency: NUST
- Transcribing agency: NUST
150 ## - HEADING--TOPICAL TERM
- Topical term or geographic name entry element: Sufisam Urdu
670 ## - SOURCE DATA FOUND
- Source citation: Work cat.: (NUST)187994: Jalandhari, Dr Rasheed ahmed 109469, Darul Uloom Deoband (Jild-1) /
